{"text_format":"1","workbook":"xlsx","n_sheets":10,"sheets":["1ª MEDIÇÃO","2ª MEDIÇÃO","3ª MEDIÇÃO","4ª MEDIÇÃO","5ª MEDIÇÃO","6ª MEDIÇÃO","7ª MEDIÇÃO","8ª MEDIÇÃO","9ª MEDIÇÃO","PLANILHA SINTÉTICA"],"not_rendered":{"charts":0,"images":2,"macros":1,"external_links":12,"defined_names":1440,"comments":0,"pivot_tables":0},"unopened":[],"bounds":{"document_bytes":16777216,"sheet_cells":100000,"rows_first":2000,"rows_last":500,"rows_between":2000,"halvings":0,"cell_chars":16384,"cell_head_chars":4096},"cells_cut":0,"cells_raw":0,"read":"whole","date_system":"1900"}

{"sheet":"1ª MEDIÇÃO","index":0,"n_rows":4,"n_cols":10,"rows_kept":4,"cut":false,"hidden":true,"merged":[[0,0,0,8],[1,0,1,8],[2,0,2,8]]}
["TRIBUNAL DE JUSTIÇA DE PERNAMBUCO"]
[{"$f":"#REF!","v":{"$error":"#REF!"}}]
["MEMÓRIA DE CALCULO - 1ª MEDIÇÃO"]
["ITEM","DESCRIÇÃO","QUANT.","LARG.","COMP.","ALT.","TAXA","TOTAL","UNID","MEMORIAL FOTOGRÁFICO"]

{"sheet":"2ª MEDIÇÃO","index":1,"n_rows":4,"n_cols":10,"rows_kept":4,"cut":false,"hidden":true,"merged":[[0,0,0,8],[1,0,1,8],[2,0,2,8]]}
["TRIBUNAL DE JUSTIÇA DE PERNAMBUCO"]
[{"$f":"#REF!","v":{"$error":"#REF!"}}]
["MEMÓRIA DE CALCULO - 2ª MEDIÇÃO"]
["ITEM","DESCRIÇÃO","QUANT.","LARG.","COMP.","ALT.","TAXA","TOTAL","UNID","MEMORIAL FOTOGRÁFICO"]

{"sheet":"3ª MEDIÇÃO","index":2,"n_rows":4,"n_cols":10,"rows_kept":4,"cut":false,"hidden":true,"merged":[[0,0,0,8],[1,0,1,8],[2,0,2,8]]}
["TRIBUNAL DE JUSTIÇA DE PERNAMBUCO"]
[{"$f":"#REF!","v":{"$error":"#REF!"}}]
["MEMÓRIA DE CALCULO - 3ª MEDIÇÃO"]
["ITEM","DESCRIÇÃO","QUANT.","LARG.","COMP.","ALT.","TAXA","TOTAL","UNID","MEMORIAL FOTOGRÁFICO"]

{"sheet":"4ª MEDIÇÃO","index":3,"n_rows":4,"n_cols":10,"rows_kept":4,"cut":false,"hidden":true,"merged":[[0,0,0,8],[1,0,1,8],[2,0,2,8]]}
["TRIBUNAL DE JUSTIÇA DE PERNAMBUCO"]
[{"$f":"#REF!","v":{"$error":"#REF!"}}]
["MEMÓRIA DE CALCULO - 4ª MEDIÇÃO"]
["ITEM","DESCRIÇÃO","QUANT.","LARG.","COMP.","ALT.","TAXA","TOTAL","UNID","MEMORIAL FOTOGRÁFICO"]

{"sheet":"5ª MEDIÇÃO","index":4,"n_rows":4,"n_cols":10,"rows_kept":4,"cut":false,"hidden":true,"merged":[[0,0,0,8],[1,0,1,8],[2,0,2,8]]}
["TRIBUNAL DE JUSTIÇA DE PERNAMBUCO"]
[{"$f":"#REF!","v":{"$error":"#REF!"}}]
["MEMÓRIA DE CALCULO - 5ª MEDIÇÃO"]
["ITEM","DESCRIÇÃO","QUANT.","LARG.","COMP.","ALT.","TAXA","TOTAL","UNID","MEMORIAL FOTOGRÁFICO"]

{"sheet":"6ª MEDIÇÃO","index":5,"n_rows":4,"n_cols":10,"rows_kept":4,"cut":false,"hidden":true,"merged":[[0,0,0,8],[1,0,1,8],[2,0,2,8]]}
["TRIBUNAL DE JUSTIÇA DE PERNAMBUCO"]
[{"$f":"#REF!","v":{"$error":"#REF!"}}]
["MEMÓRIA DE CALCULO - 6ª MEDIÇÃO"]
["ITEM","DESCRIÇÃO","QUANT.","LARG.","COMP.","ALT.","TAXA","TOTAL","UNID","MEMORIAL FOTOGRÁFICO"]

{"sheet":"7ª MEDIÇÃO","index":6,"n_rows":4,"n_cols":10,"rows_kept":4,"cut":false,"hidden":true,"merged":[[0,0,0,8],[1,0,1,8],[2,0,2,8]]}
["TRIBUNAL DE JUSTIÇA DE PERNAMBUCO"]
[{"$f":"#REF!","v":{"$error":"#REF!"}}]
["MEMÓRIA DE CALCULO - 7ª MEDIÇÃO"]
["ITEM","DESCRIÇÃO","QUANT.","LARG.","COMP.","ALT.","TAXA","TOTAL","UNID","MEMORIAL FOTOGRÁFICO"]

{"sheet":"8ª MEDIÇÃO","index":7,"n_rows":4,"n_cols":10,"rows_kept":4,"cut":false,"hidden":true,"merged":[[0,0,0,8],[1,0,1,8],[2,0,2,8]]}
["TRIBUNAL DE JUSTIÇA DE PERNAMBUCO"]
[{"$f":"#REF!","v":{"$error":"#REF!"}}]
["MEMÓRIA DE CALCULO - 8ª MEDIÇÃO"]
["ITEM","DESCRIÇÃO","QUANT.","LARG.","COMP.","ALT.","TAXA","TOTAL","UNID","MEMORIAL FOTOGRÁFICO"]

{"sheet":"9ª MEDIÇÃO","index":8,"n_rows":4,"n_cols":10,"rows_kept":4,"cut":false,"hidden":true,"merged":[[0,0,0,8],[1,0,1,8],[2,0,2,8]]}
["TRIBUNAL DE JUSTIÇA DE PERNAMBUCO"]
[{"$f":"#REF!","v":{"$error":"#REF!"}}]
["MEMÓRIA DE CALCULO - 9ª MEDIÇÃO"]
["ITEM","DESCRIÇÃO","QUANT.","LARG.","COMP.","ALT.","TAXA","TOTAL","UNID","MEMORIAL FOTOGRÁFICO"]

{"sheet":"PLANILHA SINTÉTICA","index":9,"n_rows":35,"n_cols":7,"rows_kept":35,"cut":false,"hidden":false,"merged":[[34,0,34,5],[3,7,3,8],[4,7,4,8],[7,5,7,6],[7,4,8,4],[7,0,8,0],[7,2,8,2],[7,3,8,3],[7,1,8,1],[5,7,5,8],[6,7,6,8],[3,0,4,3],[3,5,3,6],[4,5,4,6],[5,0,6,3],[5,5,5,6],[6,5,6,6],[0,7,0,8],[1,7,1,8],[2,7,2,8],[0,0,0,3],[0,5,0,6],[1,0,2,3],[1,5,1,6],[2,5,2,6]]}
["PODER JUDICIÁRIO",null,null,null,"Obra:","SERVIÇOS DE SUBSTITUIÇÃO DAS JUNTAS DE DILATAÇÃO DAS ÁREAS COMUNS DO FÓRUM DES. RODOLFO AURELIANO."]
["TRIBUNAL DE JUSTIÇA DE PERNAMBUCO",null,null,null,"Local:","Av. Des Guerrra Barreto, s/n - Ilha Joana Bezerra, Recife/PE. CEP: 50.080-900"]
[null,null,null,null,"Contrato:","050/2023 -TJPE"]
["DIRETORIA DE ENGENHARIA E ARQUITETURA",null,null,null,"Situação:","Encerrada"]
[null,null,null,null,"Contratada:","Rocha Engenharia Incorporações Ltda"]
["QUANTITATIVOS E PREÇOS CONTRATADOS",null,null,null,"Valor Total:",{"$f":"G35","v":650489}]
[null,null,null,null,"DATA:","2023-06-22"]
["ITEM","Cód. Efisco","DESCRIÇÃO","UN","QUANT. TOTAL","TOTAL"]
[null,null,null,null,null,"P. UNIT","P. TOTAL"]
["1.0",null,"ART/ MOBILIZAÇÃO DA OBRA / ADMINISTRAÇÃO LOCAL DA OBRA ",null,0,0]
["1.1","226370-0","ART para execução da obra","un",1,302.86,{"$f":"ROUND(E11*F11,2)","v":302.86}]
["1.2","314578-6","Mobilização da obra  (pessoal, máquinas e equipamentos).","un",1,2542.0300000000002,2542.0300000000002]
["1.3","401010-8","Administração local pelo período da obra.","un/mês",4,12851.62,51406.48]
["2.0",null,"SERVIÇOS PRELIMINARES / INSTALAÇÃO DO CANTEIRO",null,null,0,0]
["2.1","501875-7","Placa de obra em lona plástica  impressão digital alta resolução com acabamento em ilhós, fixação em abraçadeiras de nylon, estrutura em ferro galvanizado.","m²",4,488.02,1952.08]
["2.2","478789-7","Locação de container para uso de escritório medido 2,3 x6,0m, alt=2,5m, com 1 sanitário, sem divisórias internas e sem mobiliário","un/mês",4,990.93,3963.72]
["2.3","478790-0","Locação de container 2,30 x 6,00 m, alt. 2,50 m,  para sanitário,  com 4 bacias, 8 chuveiros,1 lavatório e 1 mictório","un/mês",4,1221.57,4886.28]
["2.4","349916-2","Frete para entrega\\ retirada de container para obra em RECIFE  em Guindauto (Munck) modelo Argos 20.5 com capacidade para 6,0 ton. a 4,0 m de raio. ","un",4,1025.2,4100.8]
["2.5","439634-0","Ligação provisória de energia. (Container)","un",1,1379.14,1379.14]
["2.6","401750-1","Ligações provisórias de água e sanitário. (Container)","un",1,866.51,866.51]
["2.7",null,"Transporte horizontal  com jerica de 60l, de massa/ granel.","m³xKm",0.05,1595.89,79.790000000000006]
["2.8","553633-2","Aluguel de Caçamba estacionária com até 6m³ com destinação final de resíduos sólidos.","un",2,529.84,1059.68]
["2.9","411686-0","Locação de  andaime metálico tubular tipo torre, com plataforma metálica, guarda-corpo metálico, escada, inclusive montagem e desmontagem.","mxmês",48,43.26,2076.48]
["3.0",null,"JUNTAS DE DILATAÇÃO",null,null,0,0]
["3.1","471529-2","Retirada de junta de dilatação (pisos/pilares).","m",1088,10.66,11598.08]
["3.2","580585-6","Fornecimento e execução de junta de dilatação composta por perfil elastomérico pré-formado, do tipo JEENE JJ 2535 FW EPDM ou equivalente técnico, com 25 mm de espessura, inclusive adesivo epóxi e as ferramentas necessárias para execução dos serviços (juntas dos pisos/pilares do 1º ao 5ºpav.)","m",623,264.42,164733.66]
["3.3","580586-4","Fornecimento e execução de junta de dilatação composta por perfil elastomérico pré-formado, do tipo JEENE JJ 3040 FW EPDM ou equivalente técnico,  com 30 mm de espessura, inclusive adesivo epóxi e as ferramentas necessárias para execução dos serviços (juntas dos pisos/pilares do térreo).","m",464,300.48,139422.72]
["3.4","552263-3","Corte em pavimento de asfalto/concreto, com máquina e disco diamantado. (juntas dos pisos do térreo).","m",301,18.77,5649.77]
["3.5","580589-9","Fornecimento e execução dos lábios poliméricos, com 30mm de largura e 30mm de altura, inclusive limpeza, regularização, materiais e ferramentas necessárias para execução dos serviços. (juntas dos pisos do térreo).","m",301,342.55,103107.55]
["4.0",null,"PERFIL EM AÇO INOXIDÁVEL",null,null,0,0]
["4.1","461090-3","Fornecimento e instalação de perfil em aço inox 304 escovado, largura = 10cm e espessura =1,5mm, aparafusado em um dos lados com bucha de nylon e parafuso em aço inox (juntas dos pisos).","m",542,268.89,145738.38]
["5.0",null,"LIMPEZA FINAL / DESMOBILIZAÇÃO DA OBRA",null,null,0,0]
["5.1","431654-1","Limpeza Geral da Obra","m²",1088,3.66,3982.08]
["5.2","314578-6","Desmobilização da obra  (pessoal, máquinas e equipamentos).","un",1,1640.91,1640.91]
["TOTAL DA OBRA:",null,null,null,null,null,{"$f":"SUM(G11:G34)","v":650489}]